[Event "29th Czech Open-Rapid 2018"]
[Site "Pardubice"]
[Date "2018.07.18"]
[Round "3"]
[White "Barak, Gil"]
[Black "Mojzis, Jaroslav"]
[Result "0-1"]
[WhiteElo "1993"]
[BlackElo "2099"]
[Annotator "NA RC"]
[PlyCount "140"]
[EventDate "2018.07.18"]
[EventType "swiss"]
[EventCountry "CZE"]
[SourceTitle "playchess.com"]
[Source "ChessBase"]
[SourceQuality "1"]
[TimeControl "900+10"]

1. e4 {[%emt 0:00:00]} e5 {[%emt 0:00:00]} 2. Nf3 {[%emt 0:00:00]} Nc6 {[%emt 0:00:00]} 3. Bb5 {[%emt 0:00:00]} a6 {[%emt 0:00:00]} 4. Ba4 {[%emt 0:00:00]} Nf6 {[%emt 0:00:00]} 5. d4 {[%emt 0:00:00]} exd4 {[%emt 0:00:02]} 6. O-O {[%emt 0:00:01]} Be7 {[%emt 0:00:04]} 7. Re1 {[%emt 0:00:01]} O-O {[%emt 0:01:43]} 8. e5 {[%emt 0:00:03]} Ne8 {[%emt 0:00:17]} 9. Nxd4 {[%emt 0:06:06]} Nxd4 {[%emt 0:00:25]} 10. Qxd4 {[%emt 0:00:02]} d6 {[%emt 0:04:15]} 11. Bxe8 {[%emt 0:03:52]} Rxe8 {[%emt 0:00:23]} 12. exd6 {[%emt 0:00:19]} Bxd6 {[%emt 0:00:12]} 13. Rxe8+ {[%emt 0:00:41]} Qxe8 {[%emt 0:00:03]} 14. Be3 {[%emt 0:00:12]} Bf5 {[%emt 0:00:35]} 15. Nc3 {[%emt 0:00:43]} Bxc2 {[%emt 0:01:18]} 16. Rc1 {[%emt 0:00:40]} Bg6 {[%emt 0:00:26]} 17. g3 {[%emt 0:01:55]} Rd8 {[%emt 0:01:11]} 18. Qc4 {[%emt 0:02:09]} h6 {[%emt 0:03:23]} 19. Nd5 {[%emt 0:00:28]} c6 {[%emt 0:01:06]} 20. Nf4 {[%emt 0:00:12]} Bf5 {[%emt 0:00:13]} 21. Qb3 {[%emt 0:00:14]} Qe4 {[%emt 0:01:19]} 22. Bb6 {[%emt 0:00:24]} Re8 {[%emt 0:00:12]} 23. Qe3 {[%emt 0:00:02]} Qxe3 {[%emt 0:00:37]} 24. Bxe3 {[%emt 0:00:04]} Be5 {[%emt 0:00:10]} 25. b3 {[%emt 0:00:07]} Rd8 {[%emt 0:00:03]} 26. Kf1 {[%emt 0:00:12]} g5 {[%emt 0:00:17]} 27. Ne2 {[%emt 0:00:16]} Bb2 {[%emt 0:00:11]} 28. Re1 {[%emt 0:00:07]} Bd3 {[%emt 0:00:19]} 29. Kg2 {[%emt 0:00:03]} Be4+ {[%emt 0:00:05]} 30. Kf1 {[%emt 0:00:01]} Bd5 {[%emt 0:00:03]} 31. Bb6 {[%emt 0:00:29]} Re8 {[%emt 0:00:03]} 32. Rb1 {[%emt 0:00:19]} Bf6 {[%emt 0:00:05]} 33. Nd4 {[%emt 0:00:08]} Be4 {[%emt 0:00:14]} 34. Rc1 {[%emt 0:00:12]} Bd3+ {[%emt 0:00:04]} 35. Kg1 {[%emt 0:00:12]} h5 {[%emt 0:00:20]} 36. Rd1 {[%emt 0:00:04]} Bg6 {[%emt 0:00:06]} 37. Nf3 {[%emt 0:00:21]} h4 {[%emt 0:00:05]} 38. Re1 {[%emt 0:00:10]} Rxe1+ {[%emt 0:00:10]} 39. Nxe1 {[%emt 0:00:01]} Kf8 {[%emt 0:00:02]} 40. Nf3 {[%emt 0:00:10]} hxg3 {[%emt 0:00:03]} 41. fxg3 {[%emt 0:00:06]} Ke7 {[%emt 0:00:06]} 42. Kf2 {[%emt 0:00:18]} Ke6 {[%emt 0:00:03]} 43. Be3 {[%emt 0:00:23]} g4 {[%emt 0:00:04]} 44. Nd4+ {[%emt 0:00:11]} Kd5 {[%emt 0:00:01]} 45. Ne2 {[%emt 0:00:03]} Ke4 {[%emt 0:00:17]} 46. Nf4 {[%emt 0:00:16]} Bf5 {[%emt 0:00:03]} 47. Ke2 {[%emt 0:00:04]} Ke5 {[%emt 0:00:23]} 48. Kd2 {[%emt 0:00:03]} Kd6 {[%emt 0:00:04]} 49. Ne2 {[%emt 0:00:17]} c5 {[%emt 0:00:05]} 50. Nc3 {[%emt 0:00:05]} b5 {[%emt 0:00:08]} 51. Ne2 {[%emt 0:00:20]} b4 {[%emt 0:00:13]} 52. Kc1 {[%emt 0:00:16]} Be7 {[%emt 0:00:23]} 53. Nf4 {[%emt 0:00:05]} Ke5 {[%emt 0:00:06]} 54. Nh5 {[%emt 0:00:21]} Ke4 {[%emt 0:00:22]} 55. Kd2 {[%emt 0:00:02]} Bd7 {[%emt 0:00:10]} 56. Nf4 {[%emt 0:00:10]} Bb5 {[%emt 0:00:12]} 57. Ne2 {[%emt 0:00:11]} c4 {[%emt 0:00:21]} 58. bxc4 {[%emt 0:00:13]} Bxc4 {[%emt 0:00:02]} 59. Nc1 {[%emt 0:00:02]} Bf6 {[%emt 0:00:13]} 60. Nb3 {[%emt 0:00:06]} Bc3+ {[%emt 0:00:07]} 61. Kd1 {[%emt 0:00:11]} Kxe3 {[%emt 0:00:05]} 62. Nc5 {[%emt 0:00:05]} Bxa2 {[%emt 0:00:11]} 63. Kc1 {[%emt 0:00:01]} b3 {[%emt 0:00:05]} 64. Na4 {[%emt 0:00:02]} b2+ {[%emt 0:00:26]} 65. Nxb2 {[%emt 0:00:05]} Bxb2+ {[%emt 0:00:04]} 66. Kc2 {[%emt 0:00:01]} Bd4 {[%emt 0:00:04]} 67. h3 {[%emt 0:00:06]} gxh3 {[%emt 0:00:03]} 68. g4 {[%emt 0:00:01]} h2 {[%emt 0:00:02]} 69. g5 {[%emt 0:00:01]} h1=Q {[%emt 0:00:05]} 70. g6 {[%emt 0:00:01]} Qb1# 0-1

[Event "29th Czech Open-Rapid 2018"]
[Site "Pardubice"]
[Date "2018.07.18"]
[Round "3"]
[White "Balazec, Ludovit"]
[Black "Illetsko, Jaroslav"]
[Result "1-0"]
[WhiteElo "1991"]
[BlackElo "2177"]
[Annotator "TA"]
[PlyCount "49"]
[EventDate "2018.07.18"]
[EventType "swiss"]
[EventCountry "CZE"]
[SourceTitle "playchess.com"]
[Source "ChessBase"]
[SourceQuality "1"]

{[%evp 11,49,66,105,14,37,31,39,0,0,-4,69,50,126,136,143,127,141,70,66,63,66,60,58,55,43,40,125,119,585,566,911,401,570,444,1277,1239,1225,1221,1090,802]} 1. e4 g6 2. d4 Bg7 3. f4 c6 4. Nc3 d6 5. Nf3 Bg4 6. Be3 Qb6 {LiveBook: 228 Games} 7. a3 {B06: Modern Defence} ({White should try} 7. Qd2 $16) (7. Qd2 Bxf3 8. gxf3 e6 9. O-O-O Qa5 10. f5 exf5 11. Bf4 Nd7 12. Bxd6 O-O-O 13. Kb1 Ndf6 14. Be5 Ne8 15. Bxg7 Nxg7 16. Bc4 Qc7 17. d5 {1-0 (26) Perez Ponsa,F (2577)-Rodriguez Vila,A (2478) Buenos Aires 2017}) 7... Bxf3 8. gxf3 e5 $146 ({Predecessor:} 8... e6 9. Be2 f5 10. Qd2 d5 11. O-O-O Nf6 12. Bd3 Nbd7 13. Rhf1 Bf8 14. Rde1 O-O-O {0-1 (72) Pazos Gambarrotti,P (2330)-Gonzalez,J (2320) Manzanillo 1991}) 9. Na4 {White is slightly better.} Qa5+ 10. c3 b5 (10... exf4 $11 11. b4 Qg5) 11. dxe5 $1 $14 bxa4 (11... Qd8 $1 $14) 12. Qxd6 $16 Bf8 13. Qd4 Qb6 14. O-O-O ({Don't play} 14. Qxb6 $6 axb6 15. Bxb6 Bh6 $14) (14. e6 $16 {And now exf7+ would win.} Qxd4 15. Bxd4) 14... Qxd4 $14 15. Bxd4 {Strongly threatening f5.} Bh6 $1 {[%cal Rh6f4]} 16. e6 Bxf4+ 17. Kc2 f6 18. Bc4 $36 {[%mdl 3072] White has compensation. Black is under pressure.} Kf8 (18... h6 $14) 19. Bc5+ $16 Kg7 $2 {[%mdl 8192]} (19... Ke8 $16) 20. Rd8 $18 {[%csl Gd8][%cal Rc5f8] [#]} Nh6 21. e7 (21. Rhd1 $142 Bc7 {[#]} 22. R8d7+ $1 {[%mdl 512]} Nxd7 23. Rxd7+ Nf7 24. exf7) 21... Nd7 (21... Na6 {might work better.}) 22. Rxd7 {[%cal Re7e8] White is clearly winning.} Nf7 (22... Rhe8 $142 23. Ba6 Rab8) 23. e8=Q Rhxe8 24. Rxf7+ Kh6 25. Rd1 {Precision: White = 43%, Black = 17%.} 1-0

[Event "29th Czech Open-Rapid 2018"]
[Site "Pardubice"]
[Date "2018.07.18"]
[Round "3"]
[White "Khmelev, Mikhail"]
[Black "Chekletsov, Ilya"]
[Result "0-1"]
[WhiteElo "1972"]
[BlackElo "2395"]
[Annotator "NA"]
[PlyCount "80"]
[EventDate "2018.07.18"]
[EventType "swiss"]
[EventCountry "CZE"]
[SourceTitle "playchess.com"]
[Source "ChessBase"]
[SourceQuality "1"]
[TimeControl "900+10"]

1. e4 {[%emt 0:00:00]} c5 {[%emt 0:00:00]} 2. Nf3 {[%emt 0:00:00]} d6 {[%emt 0:00:00]} 3. d4 {[%emt 0:00:00]} cxd4 {[%emt 0:00:00]} 4. Qxd4 {[%emt 0:00:00]} Nc6 {[%emt 0:00:00]} 5. Bb5 {[%emt 0:00:00]} Bd7 {[%emt 0:00:00]} 6. Qd3 {[%emt 0:00:00]} Rc8 {[%emt 0:01:08]} 7. c4 {[%emt 0:00:15]} g6 {[%emt 0:01:20]} 8. Nc3 {[%emt 0:00:12]} Bg7 {[%emt 0:00:03]} 9. O-O {[%emt 0:00:03]} Nf6 {[%emt 0:00:04]} 10. h3 {[%emt 0:00:06]} O-O {[%emt 0:00:04]} 11. Bxc6 {[%emt 0:00:12]} bxc6 {[%emt 0:00:04]} 12. Bg5 {[%emt 0:00:28]} Qa5 {[%emt 0:00:10]} 13. e5 {[%emt 0:01:18]} dxe5 {[%emt 0:01:51]} 14. Nxe5 {[%emt 0:01:51]} Bxh3 {[%emt 0:03:01]} 15. Bxf6 {[%emt 0:02:21]} Bf5 {[%emt 0:00:27]} 16. Qf3 {[%emt 0:00:48]} Bxf6 {[%emt 0:00:07]} 17. Ng4 {[%emt 0:02:44]} Bxg4 {[%emt 0:00:18]} 18. Qxg4 {[%emt 0:00:02]} Bxc3 {[%emt 0:00:01]} 19. bxc3 {[%emt 0:00:01]} Qxc3 {[%emt 0:01:24]} 20. Rae1 {[%emt 0:00:00]} e6 {[%emt 0:00:04]} 21. Re3 {[%emt 0:00:03]} Qf6 {[%emt 0:00:08]} 22. Rf3 {[%emt 0:00:08]} Qe5 {[%emt 0:00:08]} 23. Rh3 {[%emt 0:00:11]} Rfd8 {[%emt 0:00:42]} 24. Rb1 {[%emt 0:00:12]} Rd4 25. Qf3 {[%emt 0:01:01]} Rcd8 {[%emt 0:00:36]} 26. g3 {[%emt 0:00:29]} Qf5 {[%emt 0:00:20]} 27. Qxf5 {[%emt 0:00:04]} gxf5 {[%emt 0:00:01]} 28. Rb7 {[%emt 0:00:01]} R8d7 {[%emt 0:00:05]} 29. Rb4 {[%emt 0:00:03]} Rd2 {[%emt 0:01:32]} 30. Kg2 {[%emt 0:00:12]} Rxa2 {[%emt 0:00:05]} 31. Rh1 {[%emt 0:00:13]} Rdd2 {[%emt 0:00:03]} 32. Rf1 {[%emt 0:00:02]} Rdb2 {[%emt 0:00:03]} 33. Rxb2 {[%emt 0:00:03]} Rxb2 {[%emt 0:00:01]} 34. Ra1 {[%emt 0:00:02]} Rb4 {[%emt 0:00:08]} 35. c5 {[%emt 0:00:08]} Rb5 {[%emt 0:00:03]} 36. Rxa7 {[%emt 0:00:01]} Rxc5 {[%emt 0:00:01]} 37. Kf3 {[%emt 0:00:01]} Kg7 {[%emt 0:00:04]} 38. Kf4 {[%emt 0:00:05]} Rc4+ 39. Ke5 {[%emt 0:00:15]} Rc2 {[%emt 0:00:12]} 40. f4 {[%emt 0:00:01]} Rd2 {[%emt 0:00:01] Kd4} 0-1

[Event "29th Czech Open-Rapid 2018"]
[Site "Pardubice"]
[Date "2018.07.18"]
[Round "3"]
[White "Mlcak, Viktor"]
[Black "Vinklarek, Ondrej"]
[Result "0-1"]
[WhiteElo "1939"]
[BlackElo "2071"]
[Annotator "NA RC"]
[PlyCount "28"]
[EventDate "2018.07.18"]
[EventType "swiss"]
[EventCountry "CZE"]
[SourceTitle "playchess.com"]
[Source "ChessBase"]
[SourceQuality "1"]
[TimeControl "900+10"]

1. e4 {[%emt 0:00:00]} d5 {[%emt 0:00:00]} 2. exd5 {[%emt 0:00:00]} Qxd5 {[%emt 0:00:00]} 3. Nf3 {[%emt 0:00:00]} Nf6 {[%emt 0:00:33]} 4. d4 {[%emt 0:00:07]} e6 {[%emt 0:01:00]} 5. c4 {[%emt 0:00:22]} Qd8 {[%emt 0:01:19]} 6. Be2 {[%emt 0:00:14]} c5 {[%emt 0:00:26]} 7. O-O {[%emt 0:00:42]} Nc6 {[%emt 0:00:24]} 8. dxc5 {[%emt 0:01:25]} Qxd1 {[%emt 0:00:12]} 9. Rxd1 {[%emt 0:00:13]} Bxc5 {[%emt 0:00:01]} 10. Nc3 {[%emt 0:00:21]} O-O {[%emt 0:00:32]} 11. Bg5 {[%emt 0:00:23]} Ng4 {[%emt 0:01:35]} 12. Ne4 {[%emt 0:00:48]} Bb6 {[%emt 0:00:47]} 13. h3 {[%emt 0:02:00]} f5 {[%emt 0:00:02]} 14. hxg4 {[%emt 0:09:21]} fxe4 {[%emt 0:00:04]} 0-1

[Event "29th Czech Open-Rapid 2018"]
[Site "Pardubice"]
[Date "2018.07.18"]
[Round "3"]
[White "Fiala, Milan"]
[Black "Vokoun, Jan"]
[Result "0-1"]
[WhiteElo "1845"]
[BlackElo "2124"]
[Annotator "TA"]
[PlyCount "104"]
[EventDate "2018.07.18"]
[EventType "swiss"]
[EventCountry "CZE"]
[SourceTitle "playchess.com"]
[Source "ChessBase"]
[SourceQuality "1"]

{[%evp 9,103,-10,35,47,41,11,13,13,13,12,18,0,0,0,31,33,60,50,66,60,78,25,17,15,56,36,44,0,185,183,206,223,343,345,509,408,394,257,496,154,191,57,103,90,127,-79,51,-45,-37,-46,-46,-157,-150,-408,-396,-427,-395,-384,-383,-650,-386,-393,-396,-388,-364,-412,-381,-403,-360,-429,-393,-488,-481,-927,-577,-537,-541,-638,-624,-699,-648,-1104,-1133,-29991,-29992,-29992,-29988,-29988,-29989,-29990,-29991,-29997,-29997,-29997,-29998,-29999]} 1. d4 b6 2. c4 Bb7 3. Nc3 e6 4. e4 Bb4 5. e5 (5. f3 f5 6. exf5 Nh6 7. fxe6 Nf5 8. Bf4 dxe6 9. Qa4+ Nc6 10. O-O-O Bxc3 11. bxc3 O-O 12. Nh3 Na5 13. Bd3 c5 14. dxc5 Qf6 15. Qc2 Rac8 16. g4 {1-0 (25) Inarkiev,E (2660)-Morozevich,A (2711) Poikovsky 2015 CBM 169 [Schulz,André]}) 5... d5 6. Qg4 {A40: Unusual replies to 1 d4} Kf8 $146 ({Predecessor:} 6... g6 7. a3 Bxc3+ 8. bxc3 Nd7 9. Bg5 Ne7 10. Nf3 h6 11. Bd2 Nf5 12. cxd5 Bxd5 {1-0 (39) Mueller Busse,A-Behrendt,M (1638) Kiel 2016}) 7. Nf3 Ne7 8. Bg5 {The position is equal.} h6 9. Bxe7+ Qxe7 10. a3 Bxc3+ 11. bxc3 Qd7 12. cxd5 Qxd5 13. Bd3 Qb3 14. O-O Qxc3 15. Be4 ({White should play} 15. Qh4 $16 {[%cal Rh4d8]} Na6 16. Bxa6 Bxa6 17. Rac1 Qxa3 18. Rxc7) 15... Bxe4 $11 16. Qxe4 c6 17. Rfc1 $40 {[%mdl 128] White attacks.} Qa5 18. Qh4 {[%cal Rh4d8] [#]} Kg8 $2 (18... Qd5 $11) 19. Qe7 {And now Qb7 would win.} Na6 {intending ...Rc8.} 20. Rxc6 Qd5 (20... Rf8 $142 21. Qxa7 Nb8 22. Qxa5 (22. Qxb6 Nxc6 23. Qxc6 g6 $11) 22... bxa5) 21. Rac1 $18 Rd8 (21... Qa5 {was called for.} 22. d5 Qxd5) 22. Qxa7 Nc5 23. Qxb6 Nd3 $2 (23... Ne4 24. h3 Rd7) 24. Rd1 $2 (24. R1c3 $18 {is the precise move to win.}) 24... Nf4 25. h3 (25. Rc5 $18 Qa8 26. Ra5) 25... Kh7 26. Rc7 Rhf8 27. Qa7 $2 (27. Qb1+ $16 Kg8 28. Kh2) 27... Kg8 (27... Nxh3+ $1 $17 28. Kh2 Nxf2) 28. Kh1 (28. Qb7 $14) 28... Nxh3 $15 29. Rf1 Nf4 {[%mdl 1024] Black has compensation.} 30. Rc5 {[#]} (30. Qb7 $15) 30... Qe4 $1 $17 {Hoping for ...Nxg2!} 31. Re1 $2 (31. Qa6 $17) 31... Qg6 $19 {[%csl Gf4][%cal Rg6g2]} 32. g3 Qh5+ 33. Nh2 Nd3 34. Rec1 $2 (34. Rf1 Nxc5 35. Qxc5) 34... Nxc1 35. Rxc1 Qe2 36. Kg1 Qb2 37. Rd1 Qc2 38. Rf1 Qc3 39. a4 Qxd4 40. Qc7 Qxa4 41. Ng4 (41. Qb7 $142) 41... Rd1 42. Ne3 Rxf1+ 43. Kxf1 {[%mdl 4096] Endgame KQR-KQN} Qe4 44. Kg1 Ra8 {( -> ...Ra1+)} 45. Qc1 Rb8 46. Qc7 Rb1+ {Black mates.} 47. Nf1 Qd3 48. Kh2 Rxf1 49. Qc8+ Kh7 50. Qf8 Rxf2+ 51. Kh3 Qf5+ 52. Kh4 Rh2# {Precision: White = 31%, Black = 46%.} 0-1

[Event "29th Czech Open-Rapid 2018"]
[Site "Pardubice"]
[Date "2018.07.18"]
[Round "3"]
[White "Pavlicek, Lukas"]
[Black "Vykydal, Frantisek"]
[Result "1/2-1/2"]
[WhiteElo "1819"]
[BlackElo "2089"]
[Annotator "NA RC"]
[PlyCount "207"]
[EventDate "2018.07.18"]
[EventType "swiss"]
[EventCountry "CZE"]
[SourceTitle "playchess.com"]
[Source "ChessBase"]
[SourceQuality "1"]
[TimeControl "900+10"]

1. c4 {[%emt 0:00:00]} e5 {[%emt 0:00:00]} 2. Nc3 {[%emt 0:00:00]} Nc6 {[%emt 0:00:00]} 3. g3 {[%emt 0:00:00]} Nf6 {[%emt 0:00:00]} 4. Bg2 {[%emt 0:00:00]} d6 {[%emt 0:00:00]} 5. e3 {[%emt 0:00:03]} Be6 {[%emt 0:00:03]} 6. d3 {[%emt 0:00:09]} Be7 {[%emt 0:00:03]} 7. Nd5 {[%emt 0:00:11]} O-O {[%emt 0:00:12]} 8. Ne2 {[%emt 0:00:05]} Qd7 {[%emt 0:00:32]} 9. O-O {[%emt 0:00:49]} Nd8 {[%emt 0:00:01]} 10. Nec3 {[%emt 0:00:26]} c6 {[%emt 0:00:07]} 11. Nxe7+ {[%emt 0:00:14]} Qxe7 {[%emt 0:00:02]} 12. e4 {[%emt 0:00:23]} Nd7 {[%emt 0:00:11]} 13. f4 {[%emt 0:01:02]} f5 {[%emt 0:00:07]} 14. b3 {[%emt 0:00:35]} exf4 {[%emt 0:00:46]} 15. gxf4 {[%emt 0:00:41]} Nf6 {[%emt 0:00:23]} 16. e5 {[%emt 0:00:44]} Ng4 {[%emt 0:00:37]} 17. h3 {[%emt 0:00:34]} Nh6 {[%emt 0:00:07]} 18. d4 {[%emt 0:00:19]} dxe5 {[%emt 0:00:21]} 19. fxe5 {[%emt 0:00:16]} Bd7 {[%emt 0:01:46]} 20. Re1 {[%emt 0:01:17]} f4 {[%emt 0:00:37]} 21. Qf3 {[%emt 0:03:06]} Qh4 {[%emt 0:00:29]} 22. Ba3 {[%emt 0:00:36]} Re8 {[%emt 0:01:03]} 23. d5 {[%emt 0:00:27]} Nf5 {[%emt 0:00:43]} 24. e6 {[%emt 0:00:45]} Bc8 {[%emt 0:00:53]} 25. Re4 {[%emt 0:00:51]} g5 {[%emt 0:00:32]} 26. Rae1 {[%emt 0:01:25]} h5 {[%emt 0:02:51]} 27. Qf2 {[%emt 0:01:31]} Kh7 {[%emt 0:02:14]} 28. Qxh4 {[%emt 0:00:17]} Nxh4 {[%emt 0:00:02]} 29. Rf1 {[%emt 0:00:37]} Kg6 {[%emt 0:00:12]} 30. Ree1 {[%emt 0:00:49]} Nxg2 {[%emt 0:00:51]} 31. Kxg2 {[%emt 0:00:01]} Kf5 {[%emt 0:00:01]} 32. Ne4 {[%emt 0:00:13]} Kg6 {[%emt 0:00:45]} 33. Nd6 {[%emt 0:00:12]} Rg8 {[%emt 0:01:02]} 34. e7 {[%emt 0:00:16]} Bd7 {[%emt 0:00:19]} 35. e8=Q+ {[%emt 0:00:37]} Bxe8 {[%emt 0:00:04]} 36. Rxe8 {[%emt 0:00:20]} Rxe8 {[%emt 0:00:07]} 37. Nxe8 {[%emt 0:00:01]} Nf7 {[%emt 0:00:01]} 38. Nd6 {[%emt 0:00:31]} Nxd6 {[%emt 0:00:09]} 39. Bxd6 {[%emt 0:00:02]} cxd5 {[%emt 0:00:05]} 40. cxd5 {[%emt 0:00:21]} Rd8 {[%emt 0:00:01]} 41. Bc5 {[%emt 0:00:29]} b6 {[%emt 0:00:06]} 42. Bb4 {[%emt 0:00:06]} Rxd5 {[%emt 0:00:02]} 43. Re1 {[%emt 0:00:14]} a5 {[%emt 0:00:05]} 44. Be7 {[%emt 0:00:24]} Rd2+ {[%emt 0:00:08]} 45. Kg1 {[%emt 0:00:04]} g4 {[%emt 0:00:19]} 46. hxg4 {[%emt 0:00:14]} hxg4 {[%emt 0:00:02]} 47. Rf1 {[%emt 0:00:05]} f3 {[%emt 0:00:06]} 48. Bh4 {[%emt 0:00:15]} Rxa2 {[%emt 0:00:04]} 49. Bd8 {[%emt 0:00:09]} b5 {[%emt 0:00:05]} 50. Rd1 {[%emt 0:00:12]} a4 {[%emt 0:00:16]} 51. bxa4 {[%emt 0:00:11]} bxa4 {[%emt 0:00:06]} 52. Rd4 {[%emt 0:00:02]} Kf5 {[%emt 0:00:03]} 53. Rd5+ {[%emt 0:00:17]} Ke4 {[%emt 0:00:05]} 54. Rg5 {[%emt 0:00:05]} Rg2+ {[%emt 0:00:13]} 55. Kf1 {[%emt 0:00:06]} a3 {[%emt 0:00:08]} 56. Ra5 {[%emt 0:00:02]} g3 {[%emt 0:00:09]} 57. Rxa3 {[%emt 0:00:10]} Rf2+ {[%emt 0:00:11]} 58. Kg1 {[%emt 0:00:08]} Rh2 {[%emt 0:00:11]} 59. Ra4+ {[%emt 0:00:06]} Kd5 {[%emt 0:00:08]} 60. Ra5+ {[%emt 0:00:19]} Kc4 {[%emt 0:00:05]} 61. Rf5 {[%emt 0:00:17]} f2+ {[%emt 0:00:05]} 62. Kf1 {[%emt 0:00:01]} Rh1+ {[%emt 0:00:04]} 63. Kg2 {[%emt 0:00:01]} Rg1+ {[%emt 0:00:03]} 64. Kh3 {[%emt 0:00:06]} Kd3 {[%emt 0:00:16]} 65. Bc7 {[%emt 0:00:20]} f1=Q+ {[%emt 0:00:20]} 66. Rxf1 {[%emt 0:00:01]} Rxf1 {[%emt 0:00:04]} 67. Kxg3 {[%emt 0:00:02]} Ke4 {[%emt 0:00:02]} 68. Kg2 {[%emt 0:00:08]} Rf7 {[%emt 0:00:04]} 69. Bb6 {[%emt 0:00:07]} Kd3 {[%emt 0:00:04]} 70. Kg3 {[%emt 0:00:09]} Ke2 {[%emt 0:00:02]} 71. Kg4 {[%emt 0:00:07]} Kf1 {[%emt 0:00:05]} 72. Kg5 {[%emt 0:00:23]} Kg2 {[%emt 0:00:02]} 73. Kg6 {[%emt 0:00:07]} Rf3 {[%emt 0:00:10]} 74. Bd4 {[%emt 0:00:08]} Kg3 {[%emt 0:00:04]} 75. Bf6 {[%emt 0:00:21]} Kg4 {[%emt 0:00:02]} 76. Kf7 {[%emt 0:00:20]} Re3 {[%emt 0:00:06]} 77. Bd4 {[%emt 0:00:09]} Re4 {[%emt 0:00:01]} 78. Bc5 {[%emt 0:00:02]} Kf5 {[%emt 0:00:02]} 79. Be7 {[%emt 0:00:11]} Rd4 {[%emt 0:00:05]} 80. Bc5 {[%emt 0:00:27]} Rd7+ {[%emt 0:00:04]} 81. Kg8 {[%emt 0:00:19]} Kf6 {[%emt 0:00:12]} 82. Bb4 {[%emt 0:00:10]} Rb7 {[%emt 0:00:19]} 83. Bc3+ {[%emt 0:00:02]} Kg6 {[%emt 0:00:03]} 84. Kf8 {[%emt 0:00:02]} Rd7 {[%emt 0:00:07]} 85. Ke8 {[%emt 0:00:03]} Rc7 {[%emt 0:00:03]} 86. Bb2 {[%emt 0:00:06]} Kf5 {[%emt 0:00:03]} 87. Kd8 {[%emt 0:00:05]} Rb7 {[%emt 0:00:01]} 88. Bc3 {[%emt 0:00:05]} Ke6 {[%emt 0:00:01]} 89. Be1 {[%emt 0:00:16]} Rb1 {[%emt 0:00:29]} 90. Bg3 {[%emt 0:00:06]} Rc1 {[%emt 0:00:02]} 91. Bh2 {[%emt 0:00:08]} Rc2 {[%emt 0:00:15]} 92. Bg3 {[%emt 0:00:02]} Rc3 {[%emt 0:00:04]} 93. Bh2 {[%emt 0:00:03]} Rh3 {[%emt 0:00:06]} 94. Bf4 {[%emt 0:00:06]} Rh7 {[%emt 0:00:03]} 95. Bg3 {[%emt 0:00:05]} Rg7 {[%emt 0:00:10]} 96. Bh2 {[%emt 0:00:04]} Rg8+ {[%emt 0:00:12]} 97. Kc7 {[%emt 0:00:04]} Rg2 {[%emt 0:00:02]} 98. Bf4 {[%emt 0:00:08]} Rf2 {[%emt 0:00:06]} 99. Bg3 {[%emt 0:00:04]} Rc2+ {[%emt 0:00:09]} 100. Kd8 {[%emt 0:00:20]} Rg2 {[%emt 0:00:16]} 101. Bf4 {[%emt 0:00:02]} Rg7 {[%emt 0:00:08]} 102. Bh2 {[%emt 0:00:04]} Rh7 {[%emt 0:00:06]} 103. Bg3 {[%emt 0:00:02]} Rh3 {[%emt 0:00:05]} 104. Bf4 {[%emt 0:00:01]} 1/2-1/2

[Event "29th Czech Open-Rapid 2018"]
[Site "Pardubice"]
[Date "2018.07.18"]
[Round "3"]
[White "Tomek, Karel"]
[Black "Haase, Pavel"]
[Result "0-1"]
[WhiteElo "1785"]
[BlackElo "1994"]
[Annotator "NA RC"]
[PlyCount "92"]
[EventDate "2018.07.18"]
[EventType "swiss"]
[EventCountry "CZE"]
[SourceTitle "playchess.com"]
[Source "ChessBase"]
[SourceQuality "1"]
[TimeControl "900+10"]

1. d4 {[%emt 0:00:00]} Nf6 {[%emt 0:00:00]} 2. Nf3 {[%emt 0:00:00]} e6 {[%emt 0:00:00]} 3. e3 {[%emt 0:00:00]} b6 {[%emt 0:00:00]} 4. Bd3 {[%emt 0:00:05]} Bb7 {[%emt 0:00:00]} 5. O-O {[%emt 0:00:02]} Be7 {[%emt 0:00:01]} 6. Nbd2 {[%emt 0:00:02]} O-O {[%emt 0:00:04]} 7. b3 {[%emt 0:00:01]} c5 {[%emt 0:00:04]} 8. Bb2 {[%emt 0:00:02]} d6 {[%emt 0:00:11]} 9. c4 {[%emt 0:00:50]} Nbd7 {[%emt 0:00:05]} 10. Rc1 {[%emt 0:00:52]} Re8 {[%emt 0:00:01]} 11. e4 {[%emt 0:00:32]} cxd4 {[%emt 0:00:04]} 12. Bxd4 {[%emt 0:00:41]} Nc5 {[%emt 0:00:03]} 13. Bxc5 {[%emt 0:00:05]} bxc5 {[%emt 0:00:13]} 14. Qc2 {[%emt 0:00:03]} Qc7 {[%emt 0:00:12]} 15. Rfe1 {[%emt 0:00:27]} Nd7 {[%emt 0:00:02]} 16. e5 {[%emt 0:00:29]} dxe5 {[%emt 0:01:12]} 17. Bxh7+ {[%emt 0:00:04]} Kh8 {[%emt 0:00:01]} 18. Be4 {[%emt 0:00:06]} Bxe4 {[%emt 0:00:12]} 19. Rxe4 {[%emt 0:00:05]} f5 {[%emt 0:00:07]} 20. Ree1 {[%emt 0:00:11]} g5 {[%emt 0:01:57]} 21. Kf1 {[%emt 0:00:54]} Bf6 {[%emt 0:01:31]} 22. Ng1 {[%emt 0:01:29]} e4 {[%emt 0:00:34]} 23. g3 {[%emt 0:01:22]} Ne5 {[%emt 0:00:27]} 24. h3 {[%emt 0:01:14]} Nd3 {[%emt 0:00:22]} 25. Re3 {[%emt 0:02:35]} Nxc1 {[%emt 0:00:11]} 26. Qxc1 {[%emt 0:00:02]} Bd4 {[%emt 0:00:06]} 27. Re2 {[%emt 0:00:01]} Rad8 {[%emt 0:00:23]} 28. Kg2 {[%emt 0:00:07]} Qg7 {[%emt 0:00:17]} 29. Nf1 {[%emt 0:00:04]} Bf6 {[%emt 0:00:52]} 30. Qc2 {[%emt 0:01:10]} Qd7 {[%emt 0:00:13]} 31. Rd2 {[%emt 0:01:14]} Qb7 {[%emt 0:00:14]} 32. Kh2 {[%emt 0:00:42]} Rxd2 {[%emt 0:00:06]} 33. Qxd2 {[%emt 0:00:01]} Rd8 {[%emt 0:00:12]} 34. Qe3 {[%emt 0:00:11]} Qc6 {[%emt 0:00:52]} 35. h4 {[%emt 0:00:04]} f4 {[%emt 0:01:25]} 36. gxf4 {[%emt 0:00:22]} Rd3 {[%emt 0:00:18]} 37. Qe2 {[%emt 0:00:02]} gxf4 {[%emt 0:01:00]} 38. Qh5+ {[%emt 0:00:12]} Kg7 {[%emt 0:00:01]} 39. Qg4+ {[%emt 0:00:11]} Kf7 {[%emt 0:00:02]} 40. h5 {[%emt 0:00:41]} e5 {[%emt 0:01:58]} 41. Nh3 {[%emt 0:01:53]} Qe6 {[%emt 0:00:47]} 42. Qg2 {[%emt 0:01:14]} Ke7 {[%emt 0:00:43]} 43. h6 {[%emt 0:00:49]} Bh8 {[%emt 0:00:25]} 44. h7 {[%emt 0:00:11]} Qh6 {[%emt 0:00:45]} 45. Qg5+ {[%emt 0:00:19]} Qxg5 {[%emt 0:00:04]} 46. Nxg5 {[%emt 0:00:01]} e3 {[%emt 0:00:34]} 0-1